| 000 | 00616nam a22002417a 4500 | ||
|---|---|---|---|
| 003 | UA-OsUOA | ||
| 001 | 107088 | ||
| 007 | ta | ||
| 008 | 20140704b un ||||| |||| 00| 0 ukr d | ||
| 100 | _aСтоун И. | ||
| 090 |
_a821.161.1 _bС82 |
||
| 942 | _cBK | ||
| 040 |
_aUA-OsUOA _brus _cUA-OsUOA _dUA-OsUOA |
||
| 245 |
_aМуки и радости _bроман |
||
| 300 | _a768 с. | ||
| 955 | _a3 | ||
| 041 | _arus | ||
| 080 | _a821.161.1 | ||
| 020 | _a5-253-00154-9 | ||
| 260 |
_aМ. _bПравда _c1991 |
||
| 650 | 7 |
_a82 Література. Літературознавство _2UDC |
|
| 999 |
_c393490 _d393490 |
||